000 00554nam a2200241 a 4500
001 nice12345678
003 IN_TiNIC
005 20260116011822.0
008 050524s1933 egya grp 000 0 ara
020 _a
_c100
082 0 0 _a892.73
_bSAD
100 _aSadima, M
245 _aHikmat-Ul-Am Sulaiman
260 _aEgypt
_bNile Press
_c1933
300 _a76p
500 _aincludes index and biblioraphy
505 2 _aReserve copies
650 _aArabic-Fiction
700 1 _aSadima, M
902 _bSRS
942 _cBK
999 _c4181
_d4181